000 00510nam a22001577a 4500
005 20241113145248.0
008 241017b |||||||| |||| 00| 0 eng d
020 _a9781647267209
082 _aDC 153 C654 2024
100 _aCoffey, Dawson.
_963124
245 _aCognitive psychology :
_bthe basics /
_cDawson Coffey
260 _aNew York :
_bClanrye International,
_c©2024.
300 _aviii, 216 pages :
_billustrations (some color) ;
_c26 cm.
500 _aIncludes references and index.
942 _2ddc
_cDC
999 _c22656
_d22656